Central Library OPAC University of Rajshahi

The Pattern of a Peasant Economy Puthia A Case Study / (Record no. 35380)

MARC details
000 -LEADER
fixed length control field 00620nam a22002057a 4500
001 - CONTROL NUMBER
control field 35380
003 - CONTROL NUMBER IDENTIFIER
rucl marc code BD-RjUL
005 - DATE AND TIME OF LATEST TRANSACTION
control field 20211209052317.0
008 - FIXED-LENGTH DATA ELEMENTS--GENERAL INFORMATION
fixed length control field 140524q1961 bg ||||| |||| 00| 0 eng d
035 ## - SYSTEM CONTROL NUMBER
System control number (BD-RjUL)35474
040 ## - CATALOGING SOURCE
Original cataloging agency BD-RjUL
Language of cataloging eng
Transcribing agency BD-RjUL
041 ## - LANGUAGE CODE
Language code of text/sound track or separate title eng
082 ## - DEWEY DECIMAL CLASSIFICATION NUMBER
Classification number 305.563305491
Author mark and year PAT 1961
110 ## - MAIN ENTRY--CORPORATE NAME
Corporate name or jurisdiction name as entry element Socio Economic Research Board Rajshahi University
9 (RLIN) 109971
245 ## - TITLE STATEMENT
Title The Pattern of a Peasant Economy Puthia A Case Study /
260 ## - PUBLICATION, DISTRIBUTION, ETC. (IMPRINT)
Place of publication, distribution, etc. Rajshahi :
Name of publisher, distributor, etc. Rajshahi University,
Date of publication, distribution, etc. 1961.
300 ## - PHYSICAL DESCRIPTION
Pagination 166 p. ;
Size 23 cm.
650 ## - SUBJECT ADDED ENTRY--TOPICAL TERM
Topical term or geographic name as entry element Peasants -- Pakistan -- Puthia.
9 (RLIN) 107770
942 ## - ADDED ENTRY ELEMENTS (KOHA)
Source of classification or shelving scheme Dewey Decimal Classification
Koha item type Books
Holdings
Lost status Source of classification or shelving scheme Damaged status Not for loan Collection code Permanent Location Current Location Shelving location Date acquired Source of acquisition Cost, normal purchase price Total Checkouts Full call number Date last seen Copy number Koha item type
  Dewey Decimal Classification     Non-fiction Central Library, University of Rajshahi Central Library, University of Rajshahi   07/02/1985 Socio Eco Book 0.00   305.563305491 PAT 1961 24/05/2014 C-10 Books
  Dewey Decimal Classification     Non-fiction Central Library, University of Rajshahi Central Library, University of Rajshahi   07/02/1985 Socio Eco Book 0.00   305.563305491 PAT 1961 16/06/2014 C-9 Books
  Dewey Decimal Classification     Non-fiction Central Library, University of Rajshahi Central Library, University of Rajshahi   07/02/1985 Socio Eco Book 0.00   305.563305491 PAT 1961 16/06/2014 C-8 Books
  Dewey Decimal Classification     Non-fiction Central Library, University of Rajshahi Central Library, University of Rajshahi   11/01/1983 Socio Eco Book 0.00   305.563305491 PAT 1961 18/06/2014 C-7 Books